| 000 | 00692nam a2200205Ia 4500 | ||
|---|---|---|---|
| 008 | 191130s1995##################000#0#eng## | ||
| 020 | _a9780792395867 | ||
| 022 | _a95018108 | ||
| 040 |
_aACL _cACL |
||
| 082 | _a511.32 DAR | ||
| 245 |
_aFuzzy set theory and advanced mathematical applications _cedited by Da Ruan ; [foreword by Hans-Jürgen Zimmermann] |
||
| 260 |
_aDordrecht ; Boston _bKluwer Academic Publishers _cc1995 |
||
| 300 | _axviii, 324 p. : ill. ; 25 cm., : acid-free paper | ||
| 500 | _aIncludes bibliographical references and index | ||
| 650 | _aFuzzy sets | ||
| 700 | _aRuan, Da | ||
| 990 | _ae68724b3ac10000c79ef460e04f0f7bc | ||
| 991 | _a123839 | ||
| 999 |
_c191144 _d191144 |
||